[Event "ch-USA w 2017"]
[Site "Saint Louis USA"]
[Date "2017.04.06"]
[Round "8.1"]
[White "Feng, Maggie"]
[Black "Paikidze, Nazi"]
[Result "1/2-1/2"]
[WhiteTitle "WCM"]
[BlackTitle "IM"]
[WhiteElo "2162"]
[BlackElo "2369"]
[WhiteFideId "2078090"]
[BlackFideId "13603620"]
[EventDate "2017.03.29"]

1. Nf3 Nf6 2. g3 d5 3. Bg2 e6 4. O-O Be7 5. d4 O-O 6. c4 dxc4 7. Ne5 Nc6 8. Nxc6
bxc6 9. Na3 Bxa3 10. bxa3 Ba6 11. Qd2 Rb8 12. Qa5 Qc8 13. a4 Rd8 14. Ba3 Rxd4
15. Rfb1 Rb6 16. Bc5 Rd7 17. Rd1 Rxd1+ 18. Rxd1 Rb8 19. Bxc6 Bb7 20. Bxb7 Qxb7
21. Qxa7 Qxa7 22. Bxa7 Ra8 23. Rb1 c3 24. Bd4 c2 25. Rc1 Rxa4 26. Bxf6 gxf6 27.
Rxc2 f5 28. Rxc7 Rxa2 29. e3 Kg7 30. Kg2 Kg6 1/2-1/2

[Event "ch-USA w 2017"]
[Site "Saint Louis USA"]
[Date "2017.04.06"]
[Round "8.2"]
[White "Foisor, Sabina-Francesca"]
[Black "Nguyen, Emily"]
[Result "1-0"]
[WhiteTitle "WGM"]
[BlackTitle "WIM"]
[WhiteElo "2272"]
[BlackElo "2173"]
[WhiteFideId "1212915"]
[BlackFideId "2054000"]
[EventDate "2017.03.29"]

1. d4 d5 2. c4 c6 3. Nf3 Nf6 4. Nbd2 e6 5. g3 Nbd7 6. Bg2 Be7 7. O-O O-O 8. Qc2
b6 9. e4 dxe4 10. Nxe4 Bb7 11. Rd1 Rc8 12. Nc3 c5 13. d5 exd5 14. cxd5 Bd6 15.
Nh4 Ne5 16. Bg5 h6 17. Bxf6 Qxf6 18. Ne4 Qd8 19. Nf5 Be7 20. d6 Bxe4 21. Nxe7+
Qxe7 22. dxe7 Bxc2 23. exf8=Q+ Kxf8 24. Rd2 Bg6 25. f4 Nc4 26. Rf2 Bf5 27. Bf3
Ne3 28. Rc1 Be6 29. Rd2 Nf5 30. Bg4 Re8 31. Kf2 Nd6 32. Rxd6 Bxg4 33. Rc2 Be6
34. b3 Ke7 35. Rcd2 Rc8 36. R6d3 h5 37. Re3 Kf6 38. Kg2 g6 39. h3 Re8 40. g4
hxg4 41. hxg4 Rc8 42. Kg3 Rc6 43. Rd8 b5 44. Rb8 a6 45. g5+ Ke7 46. Rd3 c4 47.
Rb7+ Ke8 48. bxc4 Bxc4 49. Re3+ Kd8 50. a3 Be6 51. Ra7 Kc8 52. Kf2 Kb8 53. Re7
Bc4 54. R3e5 Rc7 55. Ke3 Kb7 56. Kd4 Rxe7 57. Rxe7+ Kb6 58. Rd7 Kc6 59. Rd8 Be6
60. Kc3 a5 61. Ra8 Kb6 62. Kd4 Bb3 63. Ke5 b4 64. Kd4 Be6 65. axb4 axb4 66. Rb8+
Kc7 67. Rxb4 Kd6 68. Rb6+ Ke7 69. Ke5 Bc4 70. Rb7+ Kf8 71. Kf6 Ke8 72. Rb8+ Kd7
73. Rf8 1-0

[Event "ch-USA w 2017"]
[Site "Saint Louis USA"]
[Date "2017.04.06"]
[Round "8.3"]
[White "Sharevich, Anna"]
[Black "Zatonskih, Anna"]
[Result "1/2-1/2"]
[WhiteTitle "WGM"]
[BlackTitle "IM"]
[WhiteElo "2257"]
[BlackElo "2451"]
[WhiteFideId "13503189"]
[BlackFideId "14101572"]
[EventDate "2017.03.29"]

1. Nf3 d5 2. d4 Nf6 3. g3 e6 4. Bg2 b5 5. O-O Be7 6. Ne5 O-O 7. a4 b4 8. Nd2 c5
9. dxc5 Bxc5 10. Nd3 Be7 11. e4 Bb7 12. e5 Nfd7 13. b3 a5 14. Bb2 Na6 15. Qg4
Qc7 16. Rac1 Nac5 17. Rfe1 Nxd3 18. cxd3 Qb6 19. d4 Rac8 20. Nf1 Rxc1 21. Rxc1
Rc8 22. Rxc8+ Bxc8 23. Ne3 Qc7 24. f4 Nb6 25. Bf1 g6 26. Qd1 Nd7 27. Bd3 Nb8 28.
h4 f5 29. exf6 Bxf6 30. Ng4 Bg7 31. Ne5 Nd7 32. h5 gxh5 33. Qxh5 Nf6 34. Qe2 Bb7
35. Ng4 Ne4 36. Bxe4 dxe4 37. Ne3 Qd6 38. Qg4 Kf8 39. Qd1 h5 40. Nc4 Qd5 41. Ne3
Qd6 42. Nc4 1/2-1/2

[Event "ch-USA w 2017"]
[Site "Saint Louis USA"]
[Date "2017.04.06"]
[Round "8.4"]
[White "Krush, Irina"]
[Black "Virkud, Apurva"]
[Result "1-0"]
[WhiteTitle "GM"]
[BlackTitle "WFM"]
[WhiteElo "2444"]
[BlackElo "2262"]
[WhiteFideId "2012782"]
[BlackFideId "2050820"]
[EventDate "2017.03.29"]

1. d4 d5 2. c4 e6 3. Nc3 Be7 4. Nf3 Nf6 5. Bf4 O-O 6. e3 c5 7. dxc5 Bxc5 8. Qc2
Qa5 9. Nd2 Be7 10. Be2 Nc6 11. O-O dxc4 12. Nxc4 Qf5 13. Bd3 Qh5 14. a3 e5 15.
Bg3 Be6 16. Be2 Bg4 17. Bxg4 Nxg4 18. Nd5 Bh4 19. h3 Bxg3 20. fxg3 Nh6 21. Qb3
Rab8 22. Rad1 Qg5 23. g4 Rfd8 24. Qb5 Kh8 25. Na5 a6 26. Qb6 Nxa5 27. Qxa5 Rd7
28. e4 Rbd8 29. Rc1 Qg6 30. Qb4 Qg5 31. Rc2 Ng8 32. Rf5 Qh4 33. Rcf2 Rc8 34.
Rxf7 Rxf7 35. Rxf7 Qg3 36. Qd2 Rc4 37. Qg5 g6 38. Nf6 1-0

[Event "ch-USA w 2017"]
[Site "Saint Louis USA"]
[Date "2017.04.06"]
[Round "8.5"]
[White "Abrahamyan, Tatev"]
[Black "Yu, Jennifer R"]
[Result "1/2-1/2"]
[WhiteTitle "WGM"]
[BlackTitle "WIM"]
[WhiteElo "2364"]
[BlackElo "2196"]
[WhiteFideId "13301918"]
[BlackFideId "2078341"]
[EventDate "2017.03.29"]

1. e4 e5 2. Nf3 Nf6 3. Nxe5 d6 4. Nf3 Nxe4 5. d4 d5 6. Bd3 Nc6 7. O-O Be7 8. Nc3
Nxc3 9. bxc3 O-O 10. Rb1 Rb8 11. h3 h6 12. Bf4 Bd6 13. Ne5 Be6 14. Qh5 Qf6 15.
Bg3 Bxe5 16. dxe5 Qg5 17. Qe2 Bf5 18. Rb5 Ne7 19. e6 Bxe6 20. Bxc7 Rbe8 21. h4
Qxh4 22. Rb4 Qg5 23. Bf4 Qg4 24. Qxg4 Bxg4 25. Bd6 Bc8 26. Bb5 Nf5 27. Bxf8 Rxf8
28. Bd3 Nd6 29. Rd4 Be6 30. f4 g6 31. Rb1 Rc8 32. c4 dxc4 33. Bxg6 Rc6 34. Bh5
Ra6 35. c3 Kg7 36. Bf3 Nf5 37. Rd2 Ra3 38. Rc1 b5 39. g4 Nh4 40. Bd1 f5 41. gxf5
Nxf5 42. Bf3 b4 43. Bh5 bxc3 44. Rg2+ Kf8 45. Re1 Nd4 46. Rg6 c2 47. Rf6+ Ke7
48. Rxh6 Rc3 49. Rc1 Nb3 50. axb3 cxb3 51. Re1 c1=Q 52. Rxe6+ Kd7 53. Be8+ Kd8
54. Rxc1 Rxc1+ 55. Kf2 Rc2+ 56. Kf1 Rc4 57. Bg6 Rxf4+ 58. Ke2 a5 59. Kd2 a4 60.
Kc3 Kd7 61. Ra6 Kc7 62. Bd3 Rh4 63. Rg6 Rh3 64. Rg2 a3 65. Kxb3 Rxd3+ 66. Ka2
Kb6 67. Rg5 Kc6 1/2-1/2

[Event "ch-USA w 2017"]
[Site "Saint Louis USA"]
[Date "2017.04.06"]
[Round "8.6"]
[White "Nemcova, Katerina"]
[Black "Yip, Carissa"]
[Result "1-0"]
[WhiteTitle "WGM"]
[BlackTitle "WFM"]
[WhiteElo "2359"]
[BlackElo "2234"]
[WhiteFideId "322750"]
[BlackFideId "2090732"]
[EventDate "2017.03.29"]

1. e4 c5 2. Nf3 d6 3. d4 cxd4 4. Nxd4 Nf6 5. Nc3 g6 6. Be2 Bg7 7. O-O O-O 8. Bg5
Nc6 9. Nb3 Be6 10. Kh1 a6 11. f4 b5 12. a3 Rc8 13. Rb1 Re8 14. Bh4 Na5 15. e5
Nd7 16. exd6 Nf6 17. Nxa5 Qxa5 18. Bxf6 Bxf6 19. d7 Bxd7 20. Qxd7 Red8 21. Qg4
Bxc3 22. bxc3 Rxc3 23. Bd3 Rxa3 24. f5 Rd6 25. Rbe1 Qc7 26. fxg6 hxg6 27. Qf4 f5
28. Bxf5 gxf5 29. Qg5+ Kf7 30. Rxf5+ Rf6 31. Qh5+ 1-0

[Event "ch-USA w 2017"]
[Site "Saint Louis USA"]
[Date "2017.04.07"]
[Round "9.1"]
[White "Paikidze, Nazi"]
[Black "Foisor, Sabina-Francesca"]
[Result "1/2-1/2"]
[WhiteTitle "IM"]
[BlackTitle "WGM"]
[WhiteElo "2369"]
[BlackElo "2272"]
[WhiteFideId "13603620"]
[BlackFideId "1212915"]
[EventDate "2017.03.29"]

1. d4 d5 2. c4 e6 3. Nf3 Nf6 4. g3 dxc4 5. Bg2 a6 6. O-O Nc6 7. e3 Bd7 8. Qe2
Bd6 9. Qxc4 O-O 10. Qe2 Qe7 11. Nc3 Rad8 12. Nd2 e5 13. d5 Na7 14. a4 c6 15. e4
Nc8 16. Nc4 Bc5 17. Ne3 Nd6 18. dxc6 Bxc6 19. Ned5 Nxd5 20. exd5 Bd7 21. Be3
Bxe3 22. Qxe3 Nc4 23. Qe2 Rc8 24. d6 Nxd6 25. Nd5 Qe6 26. Rfe1 e4 27. Nb6 Rcd8
28. Nxd7 Rxd7 29. Bxe4 Nxe4 30. Qxe4 Qxe4 1/2-1/2

[Event "ch-USA w 2017"]
[Site "Saint Louis USA"]
[Date "2017.04.07"]
[Round "9.2"]
[White "Zatonskih, Anna"]
[Black "Feng, Maggie"]
[Result "1-0"]
[WhiteTitle "IM"]
[BlackTitle "WCM"]
[WhiteElo "2451"]
[BlackElo "2162"]
[WhiteFideId "14101572"]
[BlackFideId "2078090"]
[EventDate "2017.03.29"]

1. d4 d5 2. c4 dxc4 3. e4 c5 4. d5 Nf6 5. Nc3 b5 6. Bf4 Qa5 7. a4 Nxe4 8. Ne2
Nd6 9. axb5 Qb6 10. Ng3 Nd7 11. Bxd6 Qxd6 12. Bxc4 g6 13. Nge4 Qe5 14. O-O Bg7
15. Re1 O-O 16. Nxc5 Qd6 17. N3e4 Qb6 18. Nxd7 Bxd7 19. Ra6 Qd4 20. b3 Rfb8 21.
Qxd4 Bxd4 22. d6 e6 23. Rd1 Bg7 24. Rc6 Rb6 25. Rc7 Rd8 26. Nc5 Bxb5 27. Nb7 Rf8
28. d7 Bf6 29. d8=Q Bxd8 30. Nxd8 Bxc4 31. bxc4 a5 32. c5 Ra6 33. Rdd7 a4 34.
Nxf7 Rb8 35. Nh6+ Kf8 36. h3 a3 37. Rxh7 Ke8 38. Rh8# 1-0

[Event "ch-USA w 2017"]
[Site "Saint Louis USA"]
[Date "2017.04.07"]
[Round "9.3"]
[White "Yip, Carissa"]
[Black "Krush, Irina"]
[Result "1/2-1/2"]
[WhiteTitle "WFM"]
[BlackTitle "GM"]
[WhiteElo "2234"]
[BlackElo "2444"]
[WhiteFideId "2090732"]
[BlackFideId "2012782"]
[EventDate "2017.03.29"]

1. e4 c5 2. Nf3 e6 3. d4 cxd4 4. Nxd4 Nc6 5. Nc3 Qc7 6. Be3 a6 7. Qf3 Bd6 8.
O-O-O Be5 9. g3 b5 10. a3 Bb7 11. Qe2 Nge7 12. f4 Bxd4 13. Bxd4 Nxd4 14. Rxd4
Qc5 15. Qd2 Bc6 16. Bg2 O-O 17. Rd1 a5 18. e5 b4 19. Ne4 Qb6 20. Rd3 Rfb8 21.
Qe3 Qd8 22. Qf2 bxa3 23. Rxa3 Rb4 24. Nc5 Qb6 25. Qg1 Bxg2 26. Qxg2 Nd5 27. Nd3
Rc4 28. Qg1 Qc7 29. Rd2 Rc8 30. Qf2 a4 31. Qe2 h6 32. Nf2 Qb6 33. c3 d6 34. exd6
Qxd6 35. Ng4 Qxa3 36. bxa3 Rxc3+ 37. Rc2 Rxc2+ 38. Qxc2 Rxc2+ 39. Kxc2 f5 40.
Ne5 g5 41. Nd3 gxf4 42. gxf4 Kf7 43. Kd2 Ke7 44. Nb2 Nxf4 45. Nxa4 Kd6 46. Nb2
Kc5 47. a4 Nd5 48. Nd3+ Kc4 49. Ne5+ Kd4 50. Nc6+ Kc5 51. Ne5 h5 52. Nd3+ Kc4
53. Ne5+ Kc5 54. Nd3+ Kd6 55. a5 Kc6 56. Ke2 Kb5 57. a6 Kb6 58. Kf3 Nc7 59. Kf4
Nxa6 60. Ke5 Nc5 61. Nf4 Kc6 62. Nxh5 Kd7 63. Nf4 Ke7 64. Nxe6 Nxe6 65. Kxf5 1/2-1/2

[Event "ch-USA w 2017"]
[Site "Saint Louis USA"]
[Date "2017.04.07"]
[Round "9.4"]
[White "Virkud, Apurva"]
[Black "Sharevich, Anna"]
[Result "1-0"]
[WhiteTitle "WFM"]
[BlackTitle "WGM"]
[WhiteElo "2262"]
[BlackElo "2257"]
[WhiteFideId "2050820"]
[BlackFideId "13503189"]
[EventDate "2017.03.29"]

1. d4 d5 2. c4 e6 3. Nc3 Nf6 4. cxd5 exd5 5. Bg5 Be7 6. e3 O-O 7. Bd3 c6 8. Nge2
Nbd7 9. O-O Re8 10. f3 Nf8 11. Bh4 Ne6 12. Bf2 c5 13. Rc1 cxd4 14. Nxd4 Nxd4 15.
exd4 a6 16. Qb3 b5 17. Rfe1 Be6 18. Ne2 Bd6 19. Ng3 g6 20. Rc6 Bf4 21. Qa3 a5
22. Bxb5 Bd7 23. Rxf6 Rxe1+ 24. Bxe1 Bxg3 25. hxg3 Bxb5 26. Qd6 Qe8 27. Bf2 Ra6
28. Qf4 Rxf6 29. Qxf6 a4 30. g4 Qc6 31. Qd8+ Kg7 32. Kh2 Qd7 33. Qb8 Qe8 34. Qc7
Qd7 35. Qf4 h6 36. Bg3 f6 37. Qb8 Qe8 38. Qb6 Qc6 39. Qa5 Qd7 40. b3 axb3 41.
axb3 g5 42. Qb6 Qc6 43. Qa7+ Qd7 44. Qc5 Bc6 45. Bd6 Qe8 46. b4 h5 47. Qa7+ Kg8
48. Be7 hxg4 49. Bxf6 Bd7 50. fxg4 Qe6 51. Qb8+ Kf7 52. Bxg5 Qxg4 53. Qf4+ Qxf4+
54. Bxf4 Kg6 55. Kg3 Ba4 56. Bd6 Kf5 57. Kh4 Ke6 58. Be5 Kf5 59. g4+ Kg6 60. Kg3
Kg5 61. Bc7 Kf6 62. Kf4 Be8 63. Bd8+ Ke6 64. Kg5 Kd7 65. Bf6 Ke6 66. Be5 Kf7 67.
Kh6 Bb5 68. g5 Bd3 69. Bc7 Bb5 70. g6+ Kg8 71. Kg5 Kg7 72. Be5+ Kf8 73. Kf6 Bd3
74. g7+ Kg8 75. Ke6 1-0

[Event "ch-USA w 2017"]
[Site "Saint Louis USA"]
[Date "2017.04.07"]
[Round "9.5"]
[White "Yu, Jennifer R"]
[Black "Nemcova, Katerina"]
[Result "1/2-1/2"]
[WhiteTitle "WIM"]
[BlackTitle "WGM"]
[WhiteElo "2196"]
[BlackElo "2359"]
[WhiteFideId "2078341"]
[BlackFideId "322750"]
[EventDate "2017.03.29"]

1. c4 e5 2. Nc3 d6 3. g3 Nc6 4. Bg2 Be6 5. d3 Qd7 6. a3 g6 7. b3 Bg7 8. Bb2 Nge7
9. Nd5 O-O 10. e3 Nd8 11. Ne2 Nc8 12. O-O c6 13. Ndc3 Bh3 14. d4 Bxg2 15. Kxg2
Qe7 16. d5 f5 17. e4 Nb6 18. Qd3 Nd7 19. Rad1 c5 20. f3 f4 21. Bc1 g5 22. g4 a6
23. a4 b6 24. Rh1 Kf7 25. h3 Rh8 26. Rh2 Nb7 27. Bd2 Bf6 28. Rdh1 Nf8 29. Be1
Ng6 30. Nd1 Qd7 31. Nec3 h6 32. Nb2 Rh7 33. Qd1 Rah8 34. Nd3 Rc8 35. Kg1 Kg7 36.
Bf2 Kf7 37. Be1 Qc7 38. Nc1 Rch8 39. Qe2 Be7 40. Nd3 Qc8 41. Bf2 Na5 42. Qd1 Nb7
43. Ne1 h5 1/2-1/2

[Event "ch-USA w 2017"]
[Site "Saint Louis USA"]
[Date "2017.04.07"]
[Round "9.6"]
[White "Nguyen, Emily"]
[Black "Abrahamyan, Tatev"]
[Result "0-1"]
[WhiteTitle "WIM"]
[BlackTitle "WGM"]
[WhiteElo "2173"]
[BlackElo "2364"]
[WhiteFideId "2054000"]
[BlackFideId "13301918"]
[EventDate "2017.03.29"]

1. d4 e6 2. c4 Nf6 3. Nf3 b6 4. g3 Bb7 5. Bg2 Be7 6. O-O O-O 7. Nc3 Ne4 8. Qc2
Nxc3 9. Qxc3 f5 10. b3 Bf6 11. Bb2 d6 12. Rfd1 Qe7 13. Rac1 Nd7 14. Qd2 Rad8 15.
d5 Bxb2 16. Qxb2 e5 17. b4 Bc8 18. Nd2 Qf7 19. e3 f4 20. exf4 exf4 21. Qd4 Qh5
22. Bf3 Qh6 23. Rc3 Ne5 24. Bg2 fxg3 25. fxg3 Ng4 26. Nf3 Rde8 27. Qd2 Ne3 28.
Re1 Nxg2 29. Rxe8 Rxe8 30. Qxg2 Bg4 31. Qd2 Qxd2 32. Nxd2 Re1+ 33. Nf1 Bh3 34.
Rf3 h5 35. a3 g6 36. Rf6 Kg7 37. Rf3 g5 38. Rf2 Kg6 39. Rf3 g4 40. Rf4 Rxf1+ 41.
Rxf1 Bxf1 42. Kxf1 Kf5 43. Ke2 Ke4 0-1

[Event "ch-USA w 2017"]
[Site "Saint Louis USA"]
[Date "2017.04.08"]
[Round "10.1"]
[White "Abrahamyan, Tatev"]
[Black "Paikidze, Nazi"]
[Result "0-1"]
[WhiteTitle "WGM"]
[BlackTitle "IM"]
[WhiteElo "2364"]
[BlackElo "2369"]
[WhiteFideId "13301918"]
[BlackFideId "13603620"]
[EventDate "2017.03.29"]

1. e4 g6 2. d4 Bg7 3. Nc3 d6 4. f4 a6 5. Nf3 b5 6. Bd3 Nd7 7. d5 Nc5 8. O-O b4
9. Ne2 Nf6 10. Ned4 Bb7 11. Qe2 O-O 12. a3 bxa3 13. Rxa3 a5 14. c4 Nxd3 15. Qxd3
Nd7 16. b3 Nc5 17. Qc2 e6 18. Bd2 exd5 19. exd5 Qf6 20. f5 h6 21. Rxa5 Rae8 22.
Ra7 Bc8 23. Rxc7 Bxf5 24. Nxf5 gxf5 25. b4 Ne4 26. b5 Ng5 27. Nxg5 hxg5 28. Qd3
f4 29. h4 Qd4+ 30. Qxd4 Bxd4+ 31. Kh2 Re2 32. Bb4 Kg7 33. Rd1 Be5 34. Kg1 g4 35.
Rc6 g3 36. b6 Ra8 37. Re1 Bd4+ 0-1

[Event "ch-USA w 2017"]
[Site "Saint Louis USA"]
[Date "2017.04.08"]
[Round "10.2"]
[White "Foisor, Sabina-Francesca"]
[Black "Zatonskih, Anna"]
[Result "1-0"]
[WhiteTitle "WGM"]
[BlackTitle "IM"]
[WhiteElo "2272"]
[BlackElo "2451"]
[WhiteFideId "1212915"]
[BlackFideId "14101572"]
[EventDate "2017.03.29"]

1. d4 d5 2. c4 e6 3. Nc3 Nf6 4. Nf3 Be7 5. Bf4 O-O 6. Rc1 c5 7. dxc5 Bxc5 8. e3
Nc6 9. a3 a6 10. b4 Ba7 11. Bg3 h6 12. Qc2 Qe7 13. Be2 dxc4 14. Bxc4 b5 15. Ba2
Bb7 16. Bb1 Rfd8 17. Bh4 g5 18. Bg3 Rac8 19. O-O Nb8 20. Nd2 Nbd7 21. Qb2 Nh5
22. Qc2 f5 23. Ba2 Kg7 24. Qd1 Nxg3 25. hxg3 Ne5 26. Qe2 Nd3 27. Rc2 Qf6 28. Nd5
Rxc2 29. Nxf6 Rxa2 30. Qh5 Bc6 31. Nf3 Nxf2 32. Ne5 Kxf6 33. Nxc6 Rdd2 34. Qxh6+
Kf7 35. Qh7+ Kf8 36. Qe7+ Kg8 37. Qxe6+ Kh8 38. Qh6+ Kg8 39. Qxg5+ Kh8 40. Qf6+
Kh7 41. Qxf5+ 1-0

[Event "ch-USA w 2017"]
[Site "Saint Louis USA"]
[Date "2017.04.08"]
[Round "10.3"]
[White "Nemcova, Katerina"]
[Black "Krush, Irina"]
[Result "1/2-1/2"]
[WhiteTitle "WGM"]
[BlackTitle "GM"]
[WhiteElo "2359"]
[BlackElo "2444"]
[WhiteFideId "322750"]
[BlackFideId "2012782"]
[EventDate "2017.03.29"]

1. d4 Nf6 2. Bf4 d6 3. e3 g6 4. Nf3 Nh5 5. Bg5 h6 6. Bh4 g5 7. Nfd2 Ng7 8. Bg3
Nf5 9. Bd3 Bg7 10. c3 Nxg3 11. hxg3 Nd7 12. g4 Nf6 13. f3 d5 14. Nf1 Qd6 15.
Nbd2 h5 16. gxh5 Rxh5 17. Rxh5 Nxh5 18. Qb3 b6 19. g4 Nf6 20. O-O-O c5 21. Qa3
Qc7 22. dxc5 bxc5 23. e4 d4 24. cxd4 cxd4+ 25. Kb1 Be6 26. Rc1 Qf4 27. Qa5 Nd7
28. Qxa7 Rd8 29. Qa5 Be5 30. Ba6 Rb8 31. Rc8+ Rxc8 32. Bxc8 Bb8 33. Qb5 Qc7 34.
Bb7 Kf8 35. Bd5 Ne5 36. Bxe6 fxe6 37. Qb3 Kf7 38. a3 Ba7 39. Qc2 Qa5 40. Ka2 Qa6
41. Ng3 d3 42. Qc3 Qd6 43. Ngf1 Bf2 44. b4 Bd4 45. Qc1 Qb8 46. Nb3 Qa7 47. Qxg5
Nc4 48. Qc1 Bb2 49. Qxc4 Qxa3+ 50. Kb1 Be5 51. Nd4 Bxd4 52. Qxd4 Qb3+ 53. Qb2
Qd1+ 54. Qc1 Qb3+ 55. Qb2 Qd1+ 56. Qc1 Qb3+ 57. Qb2 1/2-1/2

[Event "ch-USA w 2017"]
[Site "Saint Louis USA"]
[Date "2017.04.08"]
[Round "10.4"]
[White "Feng, Maggie"]
[Black "Virkud, Apurva"]
[Result "1/2-1/2"]
[WhiteTitle "WCM"]
[BlackTitle "WFM"]
[WhiteElo "2162"]
[BlackElo "2262"]
[WhiteFideId "2078090"]
[BlackFideId "2050820"]
[EventDate "2017.03.29"]

1. d4 d5 2. c4 e6 3. Nf3 Nf6 4. Nc3 Be7 5. Bf4 O-O 6. e3 c5 7. dxc5 Bxc5 8. cxd5
exd5 9. Be2 Nc6 10. O-O Be6 11. Ne5 Nxe5 12. Bxe5 Ne4 13. Bf3 Qg5 14. Bd4 Nxc3
15. Bxc3 Rfd8 16. Rc1 b6 17. Bd4 Bd6 18. Qe2 Re8 19. g3 Rad8 20. Rfd1 Bb8 21. a4
Bf5 22. a5 bxa5 23. Qb5 Bg4 24. Bxg4 Qxg4 25. Qxa5 Rd7 26. Bc3 Qe6 27. Qb5 h5
28. Qa4 Qf5 29. Qd4 Qg6 30. Qd3 Qg4 31. Qb5 Qe6 32. Qa4 1/2-1/2

[Event "ch-USA w 2017"]
[Site "Saint Louis USA"]
[Date "2017.04.08"]
[Round "10.5"]
[White "Sharevich, Anna"]
[Black "Yip, Carissa"]
[Result "1-0"]
[WhiteTitle "WGM"]
[BlackTitle "WFM"]
[WhiteElo "2257"]
[BlackElo "2234"]
[WhiteFideId "13503189"]
[BlackFideId "2090732"]
[EventDate "2017.03.29"]

1. d4 Nf6 2. c4 g6 3. Nc3 d5 4. Bf4 Bg7 5. e3 O-O 6. Rc1 c6 7. Nf3 a6 8. c5 Nbd7
9. h3 Ne8 10. Be2 e6 11. O-O Qe7 12. e4 dxe4 13. Nxe4 e5 14. Bg5 f6 15. Bc4+ Kh8
16. Bh4 g5 17. Bg3 f5 18. Nexg5 e4 19. Re1 Qf6 20. Bh4 Qg6 21. Ne6 exf3 22. Qxf3
Nef6 23. Nxf8 Nxf8 24. Bxf6 Bxf6 25. d5 Bd7 26. dxc6 Bxc6 27. Bd5 Rc8 28. b4 Nd7
29. Bxc6 Rxc6 30. Qd5 Nf8 31. a4 Rc7 32. b5 axb5 33. axb5 Rd7 34. Qf3 Bg5 35.
Rcd1 Rc7 36. Rd6 Qf7 37. Rd5 Re7 38. Rxe7 Qxe7 39. Rxf5 Ne6 40. Qc3+ Kg8 41. Qe5
h6 42. c6 bxc6 43. bxc6 Qe8 44. Qd5 Bd8 45. Re5 Kf7 46. Rxe6 Qxe6 47. Qxd8 Qxc6
48. Qd4 Kg6 49. Qg4+ Kh7 50. f4 Qe4 51. h4 1-0

[Event "ch-USA w 2017"]
[Site "Saint Louis USA"]
[Date "2017.04.08"]
[Round "10.6"]
[White "Yu, Jennifer R"]
[Black "Nguyen, Emily"]
[Result "1-0"]
[WhiteTitle "WIM"]
[BlackTitle "WIM"]
[WhiteElo "2196"]
[BlackElo "2173"]
[WhiteFideId "2078341"]
[BlackFideId "2054000"]
[EventDate "2017.03.29"]

1. d4 d5 2. c4 c6 3. cxd5 cxd5 4. Bf4 Nf6 5. Nc3 Nc6 6. e3 Bf5 7. Qb3 Na5 8.
Bb5+ Bd7 9. Qd1 e6 10. Bd3 Rc8 11. Nf3 Bb4 12. O-O O-O 13. Ne5 h6 14. Rc1 Qe8
15. Qe2 a6 16. Rc2 Bxc3 17. Rxc3 Rxc3 18. bxc3 Bb5 19. c4 dxc4 20. Nxc4 Bxc4 21.
Bxc4 Nxc4 22. Qxc4 Qc8 23. Rc1 Qxc4 24. Rxc4 Nd5 25. Bd6 Rd8 26. Ba3 Rd7 27. e4
Rc7 28. Rxc7 Nxc7 29. Bc5 f5 30. d5 exd5 31. exf5 Nb5 32. f3 Kf7 33. Kf2 Nc3 34.
a3 b5 35. Ke3 a5 36. Kd3 b4 37. axb4 axb4 38. Bxb4 Nb5 39. g4 Kf6 40. h4 h5 41.
Bd2 Ke5 42. Bg5 hxg4 43. fxg4 Nd6 44. Be3 d4 45. Bg1 Nxf5 46. Bh2+ Kf6 47. gxf5
Kxf5 48. Bd6 g5 49. h5 g4 50. h6 Kg6 51. Bf4 g3 52. Ke2 d3+ 53. Kf3 1-0

[Event "ch-USA w 2017"]
[Site "Saint Louis USA"]
[Date "2017.04.09"]
[Round "11.1"]
[White "Paikidze, Nazi"]
[Black "Yu, Jennifer R"]
[Result "0-1"]
[WhiteTitle "IM"]
[BlackTitle "WIM"]
[WhiteElo "2369"]
[BlackElo "2196"]
[WhiteFideId "13603620"]
[BlackFideId "2078341"]
[EventDate "2017.03.29"]

1. d4 d5 2. c4 c6 3. Nf3 Nf6 4. Qb3 dxc4 5. Qxc4 Bf5 6. g3 e6 7. Bg2 Be7 8. O-O
Nbd7 9. e3 O-O 10. Qe2 h6 11. Nc3 Ne4 12. Nd2 Nxd2 13. Bxd2 e5 14. d5 cxd5 15.
Nxd5 Bd6 16. Nc3 Nc5 17. e4 Be6 18. Rfd1 Qe7 19. Be3 Rfd8 20. Rac1 Rac8 21. Rc2
b6 22. Rdc1 Nb7 23. Nd5 Qd7 24. Rd1 Rxc2 25. Qxc2 Rc8 26. Qd2 Qc6 27. Bf1 Qa4
28. Nc3 Qa5 29. a3 Bb3 30. Rc1 Rd8 31. Qe2 Bc5 32. Bd2 Bc4 33. Qe1 Bxf1 34. Kxf1
Qa6+ 35. Kg2 Qd3 36. Rd1 Qc2 37. b4 Bf8 38. Nd5 Nd6 39. Bc1 Rc8 40. Kg1 Qxe4 41.
Qf1 Nf5 42. Be3 Rc6 43. Qd3 Qxd3 44. Rxd3 Rd6 45. b5 Nd4 46. Nb4 Nxb5 47. a4
Rxd3 48. Nxd3 Nc3 49. Nxe5 Nxa4 50. Nc6 a5 51. Ne5 Bc5 0-1

[Event "ch-USA w 2017"]
[Site "Saint Louis USA"]
[Date "2017.04.09"]
[Round "11.2"]
[White "Virkud, Apurva"]
[Black "Foisor, Sabina-Francesca"]
[Result "0-1"]
[WhiteTitle "WFM"]
[BlackTitle "WGM"]
[WhiteElo "2262"]
[BlackElo "2272"]
[WhiteFideId "2050820"]
[BlackFideId "1212915"]
[EventDate "2017.03.29"]

1. d4 Nf6 2. c4 e6 3. Nc3 Bb4 4. Qc2 O-O 5. Nf3 c5 6. dxc5 Na6 7. c6 bxc6 8. g3
d5 9. Bd2 d4 10. Ne4 Rb8 11. Nxf6+ Qxf6 12. Bg2 e5 13. O-O Bf5 14. Qc1 Bxd2 15.
Qxd2 h6 16. Qa5 c5 17. b3 e4 18. Nd2 Rfe8 19. Rad1 Rb6 20. Nb1 Qe7 21. e3 Bg4
22. Rd2 Nb4 23. exd4 e3 24. fxe3 Qxe3+ 25. Kh1 Rf6 26. Rg1 Qxg1+ 27. Kxg1 Re1+
28. Bf1 Rfxf1+ 29. Kg2 Rg1+ 30. Kf2 Ref1+ 31. Ke3 Rf3+ 0-1

[Event "ch-USA w 2017"]
[Site "Saint Louis USA"]
[Date "2017.04.09"]
[Round "11.3"]
[White "Krush, Irina"]
[Black "Sharevich, Anna"]
[Result "1/2-1/2"]
[WhiteTitle "GM"]
[BlackTitle "WGM"]
[WhiteElo "2444"]
[BlackElo "2257"]
[WhiteFideId "2012782"]
[BlackFideId "13503189"]
[EventDate "2017.03.29"]

1. d4 d5 2. c4 e6 3. Nc3 Nf6 4. Nf3 Be7 5. Bf4 O-O 6. e3 b6 7. Bd3 Bb7 8. O-O c5
9. dxc5 bxc5 10. cxd5 exd5 11. Qc2 Nbd7 12. Rfd1 g6 13. Ne5 Nxe5 14. Bxe5 Nd7
15. Bf4 Bg5 16. Bd6 Be7 17. Bg3 Bf6 18. Be2 d4 19. Ne4 Bxe4 20. Qxe4 Qb6 21.
Rab1 Rad8 22. Bf4 Rfe8 23. Qc2 g5 24. Bg3 dxe3 25. Rd6 exf2+ 26. Kh1 Qb4 27.
Bxf2 Be7 28. Rd5 Nf8 29. Bc4 Rxd5 30. Bxd5 Ne6 31. Rf1 Nf4 32. Bc4 Qb7 33. Bg3
Bd6 34. Bxf4 Bxf4 35. Bd3 Qc7 36. g3 Qc6+ 37. Qg2 Qxg2+ 38. Kxg2 Be5 39. Bc4 Re7
40. Rf5 h6 41. Bxf7+ Kg7 1/2-1/2